000
00296nam a22001097a 4500
041
_a
ENG
245
_a
Code Of Practice For Design Loads ( Other Than Earthuake ) For BUilngs And Structures
260
_a
New Delhi
_b
BIS
_c
1987
300
_a
37
650
_a
BIS Tist Code
856
_u
BIS Tist Code
999
_c
2170
_d
2170